|
|
|
|
| LEADER |
00924nam a2200241 a 4500 |
| 001 |
GR-MES2898 |
| 008 |
991111s gr 000 b eng d |
| 020 |
|
|
|a 0890542074
|
| 040 |
|
|
|a GrPaTEI
|b gre
|c GR-PaULI
|
| 245 |
0 |
0 |
|a Compendium of cucurbit diseases.
|
| 260 |
|
|
|a Minnesota :
|b The American Phytopathological Society,
|c c1996
|
| 300 |
|
|
|a 88σελ. :
|b εικ.
|
| 650 |
|
4 |
|a Αγγούρι
|
| 650 |
|
4 |
|a Ασθένειες
|
| 650 |
|
4 |
|a Φυτοπαθολογία
|
| 700 |
1 |
|
|a Hopkins, D.
|
| 700 |
1 |
|
|a Thomas, C.
|
| 700 |
1 |
|
|a Zitter, T.
|
| 710 |
0 |
|
|a The American Phytopathological Society
|
| 942 |
|
|
|2 ddc
|
| 952 |
|
|
|0 0
|1 0
|2 ddc
|4 0
|6 632_300000000000000_ZIT
|7 0
|9 267399
|a MSLG
|b MSLG
|c BSC
|d 2021-01-17
|e 24
|f 0
|g 0.00
|l 0
|o 632.3 ZIT
|p 2420000012308
|r 2021-01-17 00:00:00
|t 1
|v 2021.00
|w 2021-01-17
|y BK15
|x Μεταφορά από Αμαλιάδα (18/10/22)
|x GrPaTEI
|
| 971 |
|
|
|a .b25739438
|b 15-04-20
|c 13-09-16
|
| 999 |
|
|
|c 153927
|d 153927
|